00833nam a2200241Ia 4500003000400000005001700004008004100021020001800062040001800080041000800098082002000106100003100126245009000157250001200247260004600259300002700305650003300332650003200365700003100397942001200428999001900440952013200459OSt20260130151639.0210716s2018 xx 000 0 und d a9788126559633 cAIMIT LIBRARY aeng a658.4012 bPEAK aPearlson, Keri E. 9253332 aStrategic management of information systems /cBy Keri E Pearlson ; Carol S Saunders. a1st ed. aNew Delhi :bWiley India Pvt Ltd ,c2018. axiv,401p. ;bPBc23 cm aStrategic Management9253333 aInformation Systems9253334 aSaunders, Carol S.9253335 2ddccBK c197190d197190 001040708MCAaAIMITbAIMITeKnowledge Worldg679.00l0o658.4012 PEAKpMCA16705r2025-07-21 00:00:00v509.25w2021-07-16yBK